Political Parties of Eastern European Nations 1 - Statistics

General Stats
  • This quiz has been taken 12 times
  • The average score is 16 of 58
Answer Stats
Hint Answer % Correct
Poland Law and Justice (PiS)
80%
Hungary Fidesz (FIDESZ)
70%
Czechia Ano 2011 (ANO)
60%
Poland Civic Platform (PO)
60%
Czechia Freedom and Direct Democracy (SPD)
60%
Poland New Left/Nowa Lewica (NL)
60%
Poland Polish People's Party (PSL)
60%
Slovakia Progressive Slovakia (PS)
60%
Poland Sovereign Poland (SP)
60%
Slovakia Direction- Social Democracy (SMER-SD)
50%
Slovakia Christian Union (KU)
40%
Czechia Civic Democratic Party (ODS)
40%
Poland Confederation of the Polish Crown (KKP)
40%
Czechia Mayors and Independents (STAN)
40%
Poland Poland 2050 (PL2050)
40%
Czechia Prisaha Civic Movement (PRI)
40%
Slovakia Slovak National Party (SNS)
40%
Czechia Tradition Responsibility Prosperity (TOP-09)
40%
Slovakia Voice- Social Democracy (HLAS-SD)
40%
Hungary Christian Democratic People's Party (KDNP)
30%
Czechia Christian Democratic Union-Czechoslovak People's Party (KDU-CSL)
30%
Hungary Democratic Coalition (DK)
30%
Slovakia Freedom and Solidarity (SaS)
30%
Hungary Hungarian Socialist Party (MSZP)
30%
Hungary Jobbik-Movement for a Better Hungary (JOBBIK)
30%
Poland Kukiz'15 (K15)
30%
Poland Modern/Nowoczesna (.N)
30%
Poland National Movement (RN)
30%
Czechia Pirate Party of Czechia (PIRATI)
30%
Slovakia Christian Democratic Movement (KDH)
20%
Hungary Dialogue- The Greens' Party (PARBESZED)
20%
Slovakia For the People (ZL)
20%
Poland Left Together/Lewica Razem (LR)
20%
Hungary Momentum Movement (MM)
20%
Poland New Hope (NN)
20%
Hungary Our Homeland Movement (MHM)
20%
Slovakia Slovakia Movement (HS)
20%
Czechia Social Democracy Czechia (SOCDEM)
20%
Poland AGROUnion (Au)
10%
Poland Center for Poland (CdP)
10%
Slovakia Democrats- Slovakia (D)
10%
Poland Labour Union (UP)
10%
Hungary LMP- Hungary's Green Party (LMP)
10%
Hungary National Self-Government of Germans in Hungary (MNOO)
10%
Poland Polish Initiative (iPL)
10%
Czechia Senator 21 (SEN21)
10%
Czechia The Independents (NEZ)
10%
Poland Union of European Democrats (UED)
10%
Slovakia Civic Conservative Party (OKS)
0%
Poland Green Party of Poland (ZIELONI)
0%
Czechia Mayors for the Liberec Region (SLK)
0%
Slovakia National Coalition/Independent Candidates (NK/NEKA)
0%
Slovakia New Majority (NOVA)
0%
Poland Polish Socialist Party (PPS)
0%
Poland Renewal of the Republic of Poland (ONRP)
0%
Czechia Svobodni (SVO)
0%
Czechia Tabor 2020 (TABOR)
0%
Poland Yes! For Poland (T!DP)
0%
No matching quizzes found
Score Distribution
Percent of People with Each Score
Percentile by Number Answered
Your Score History
You have not taken this quiz